Kriticky a náročne /Hodnotenie výročných členských schôdzí./

Bibliographic Details
Main Author: Horecká, Marta (Author)
Format: Article
Language:Slovak
Subjects:

MARC

LEADER 00000nab a2200000 a 4500
001 vtls000075320
003 SK-MaSNL
005 20260305005746.0
008 111103c1981 xo 0 slo
015 |a SNBRB19rr/mm-uuuuu 
035 |a CL0085421 
040 |a SNKBUCL  |b slo  |c SNKBUCL  |e AACR2 
041 0 |a slo 
044 |a xo  |c SK 
080 |a 329.78(437)SZM  |2 1981 
100 1 |a Horecká, Marta  |4 aut  |9 911366 
245 1 0 |a Kriticky a náročne  |b /Hodnotenie výročných členských schôdzí./  |c Marta Horecká 
610 2 7 |a Socialistický zväz mládeže  |2 snkbucl  |9 51618 
655 7 |a články z novín a časopisov  |2 snkbucl  |9 267496 
773 0 |t Smena na nedeľu  |g Roč. 16, č. 2 (1981), s. 7 
850 |a Slovenská národná knižnica v Martine  |a MTA001 
852 |a SNK  |b KIS3GCP 
958 |a RK 
992 |a RBX 
999 |c 3242430  |d 3244360